El alto precio de la Biblia / (Record no. 180065)

MARC details
000 -LEADER
campo de control de longitud fija 00840nam a2200217 i 4500
001 - NÚMERO DE CONTROL
campo de control 180065
003 - IDENTIFICADOR DE NÚMERO DE CONTROL
campo de control ES-MaACL
005 - FECHA Y HORA DE LA ÚLTIMA TRANSACCIÓN
campo de control 20230906221000.0
008 - DATOS DE LONGITUD FIJA--INFORMACIÓN GENERAL
campo de control de longitud fija 120410s2011 xxu |||| | spa d
080 ## - NÚMERO DE LA CLASIFICACIÓN DECIMAL UNIVERSAL
Número de la Clasificación Decimal Universal 22.014
100 1# - ENTRADA PRINCIPAL--NOMBRE DE PERSONA
Nombre de persona Cabrera Leiva, Guillermo.
9 (RLIN) 140814
245 13 - MENCIÓN DEL TÍTULO
Título El alto precio de la Biblia /
Mención de responsabilidad, etc. por Guillermo Cabrera Leiva.
260 ## - PUBLICACIÓN, DISTRIBUCIÓN, ETC.
Lugar de publicación, distribución, etc. Miami, Florida :
Nombre del editor, distribuidor, etc. Cuadernos Cristianos,
Fecha de publicación, distribución, etc. 2011.
300 ## - DESCRIPCIÓN FÍSICA
Extensión 5 p. :
Otras características físicas 1 il. ;
Dimensiones 22 cm.
586 ## - NOTA DE PREMIOS
Nota de premios Premio Hispanoamericano de Prensa "Miguel de Cervantes". Madrid, 1974
594 ## - Nota al título y mención de responsabilidad
Nota al título y mención de responsabilidad Datos tomados de cubierta.
595 ## -
-- Artículo publicado en: "Diario Las Américas", Miami, Florida, el domingo 21 de diciembre de 2003.
599 ## - NOTA A LAS ILUSTRACIONES
NOTA A LAS ILUSTRACIONES il.: Port. de la primera Biblia traducida al español.
630 04 - PUNTO DE ACCESO ADICIONAL DE MATERIA--TÍTULO UNIFORME
Título uniforme Biblia-
Subdivisión general Crítica textual.
9 (RLIN) 149754
852 ## - LOCALIZACIÓN
Ubicación ES-MaACL
Número de control de estantería 2309-F-23
Holdings
Estatus retirado Estado de pérdida Estado de daño No para préstamo Colección Biblioteca de origen Biblioteca actual Ubicación en estantería Fecha de adquisición Fuente de adquisición Total de préstamos Signatura topográfica completa Código de barras Visto por última vez Precio de reemplazo Tipo de ítem Koha
        Colección de folletos Biblioteca del Ateneo de Madrid Biblioteca del Ateneo de Madrid Depósito folletos 10/04/2012     2309-F-23 1189191 23/02/2023 23/02/2023 Folleto